| 000 | 00601nam a2200229Ia 4500 | ||
|---|---|---|---|
| 003 | OSt | ||
| 005 | 20221005123410.0 | ||
| 006 | a|||||r|||| 00| 0 | ||
| 007 | ta | ||
| 008 | 221004b |||||||| |||| 00| 0 eng d | ||
| 024 | _a34954 | ||
| 037 | _cTextual | ||
| 040 |
_aCRL _cCRL _beng |
||
| 041 |
_2eng _aeng |
||
| 082 | _aZ3:92, D5 | ||
| 100 | _aDicey A V | ||
| 245 | 0 | _aLectures on the relation between law and public opinion in England during the nineteenth century | |
| 260 | _c1905 | ||
| 650 | _aLAW | ||
| 942 |
_hZ3:92, D5 _cTEXL _2cc |
||
| 999 |
_c1047304 _d1047304 |
||